000 00742nam a2200265 a 4500
003 AR-BaBNM
005 20251128203833.0
008 082120s2002 ||||||||||||||000 | spa||
040 _cAR-BaBNM
100 1 _aOyuela, Calixto
245 0 0 _aPoetas hispanoamericanos
_n1
260 _aBuenos Aires
_bAcademia Argentina de Letras
_c1949
300 _a274 p.
490 0 _aBiblioteca de la Academia Argentina de Letras. Clásicos argentinos
500 _aContiene índice de los autores
650 4 _aLITERATURA LATINOAMERICANA
650 4 _aPOESIA
650 4 _aHISTORIA LITERARIA
650 4 _aANTOLOGIAS
650 4 _aPERIODO INDEPENDIENTE
653 _aEPOCA COLONIAL
655 _aLITERATURA
942 _cBK
998 _cisola
999 _c5118
_d5118